000 00361nam a22001457a 4500
008 181011b xxu||||| |||| 00| 0 eng d
020 _a0826184502
041 _aeng
080 _a159.9 BRU
082 _a159.9
100 _a48
101 _aPSI
245 _aImplicationsof the Americans with disabilities act forPsychology
_cBruyere.S.M
942 _2udc
_cBK
999 _c49348
_d49348